| 000 | 00662nam a2200193Ia 4500 | ||
|---|---|---|---|
| 003 | GCL | ||
| 008 | 140319s9999 xx 000 0 ara d | ||
| 040 |
_aGCL / _cGCL |
||
| 082 | 0 | 4 |
_a327.5601 _bا ص |
| 100 | 1 | _aابراهيم الداقوقى | |
| 245 | 1 | 0 |
_aصورة العرب لدى الاتراك / _cابراهيم الداقوقى |
| 300 | _a281 ص | ||
| 490 |
_aالهيئة العامة للاستعلامات _v0 |
||
| 650 | 0 | 4 | _aالرأى العام |
| 650 | 0 | 4 | _aاللغة التركية |
| 650 | 0 | 4 | _aالعالم العربى - العلاقات الثقافية |
| 650 | 0 | 4 | _aتركيا - العلاقات الثقافية |
| 942 |
_2ddc _cBK |
||
| 999 |
_c49112 _d49112 |
||